|
|
|
|
| LEADER |
01533nam a2200433Ia 4500 |
| 001 |
EBC574469 |
| 003 |
MiAaPQ |
| 005 |
20200520144314.0 |
| 006 |
m o d | |
| 007 |
cr cn||||||||| |
| 008 |
100128s2010 nyua sb 001 0 eng d |
| 020 |
|
|
|z 9780415450393
|
| 020 |
|
|
|z 041545039X
|
| 020 |
|
|
|z 9780415450386
|
| 020 |
|
|
|z 0415450381
|
| 020 |
|
|
|z 9780203847077
|
| 035 |
|
|
|a (MiAaPQ)EBC574469
|
| 035 |
|
|
|a (Au-PeEL)EBL574469
|
| 035 |
|
|
|a (CaPaEBR)ebr10416744
|
| 035 |
|
|
|a (CaONFJC)MIL278139
|
| 035 |
|
|
|a (OCoLC)664551692
|
| 040 |
|
|
|a MiAaPQ
|c MiAaPQ
|d MiAaPQ
|
| 050 |
|
4 |
|a HD77
|b .T77 2010
|
| 082 |
0 |
4 |
|a 338.9
|2 22
|
| 100 |
1 |
|
|a Tribe, Michael A.,
|d 1943-
|
| 245 |
1 |
0 |
|a Economics and development studies
|h [electronic resource] /
|c Michael Tribe, Frederick Nixon, and Andy Sumner.
|
| 260 |
|
|
|a New York :
|b Routledge,
|c 2010.
|
| 300 |
|
|
|a xxi, 288 p. :
|b ill.
|
| 490 |
1 |
|
|a Routledge perspectives on development
|
| 504 |
|
|
|a Includes bibliographical references and index.
|
| 533 |
|
|
|a Electronic reproduction. Ann Arbor, MI : ProQuest, 2015. Available via World Wide Web. Access may be limited to ProQuest affiliated libraries.
|
| 650 |
|
0 |
|a Economic development.
|
| 650 |
|
0 |
|a Economic development
|x Research.
|
| 655 |
|
4 |
|a Electronic books.
|
| 700 |
1 |
|
|a Nixon, Frederick.
|
| 700 |
1 |
|
|a Sumner, Andrew,
|d 1973-
|
| 710 |
2 |
|
|a ProQuest (Firm)
|
| 830 |
|
0 |
|a Routledge perspectives on development.
|
| 856 |
4 |
0 |
|u https://ebookcentral.proquest.com/lib/matrademy/detail.action?docID=574469
|z Click to View
|